000 01673nam0a22003731 4500
001 rc\577442
005 20250621171833.0
010 _a5-280-00297-6
_975000
035 _a(NLR Aleph) 005825368
090 _a5523359
_c5523359
100 _a20031121d1988 |||y0rusy50 ca
101 0 _arus
102 _aRU
105 _aa |||||||||
200 1 _aТройка гнедых
_e[Сборник]
_eПер. со словац.
_fМаргита Фигули
_g[Предисл. А. Машковой, с. 3-18]
210 _aМ.
_cХудож. лит.
_d1988
215 _a431 с., [1] л. портр.
_d21
327 0 _aСодерж.: Тройка гнедых: Повесть; Рассказы из кн. "Искушение": Экстаз; Ветки; Скрипка Арвензиса; Круча; Горстка пепла; Буря; Лесорубы; Водоворот; Зов крови и др.
464 0 _12001#$aТройка гнедых
_tТройка гнедых
464 0 _12001#$aЭкстаз
_tЭкстаз
464 0 _12001#$aВетки
_tВетки
464 0 _12001#$aСкрипка Арвензиса
_tСкрипка Арвензиса
464 0 _12001#$aКруча
_tКруча
464 0 _12001#$aГорстка пепла
_tГорстка пепла
464 0 _12001#$aБуря
_tБуря
464 0 _12001#$aЛесорубы
_tЛесорубы
464 0 _12001#$aВодоворот
_tВодоворот
464 0 _12001#$aЗов крови
_tЗов крови
700 1 _aФигули
_bМ.
_f1909-
_gМаргита
801 0 _aRU
_bNLR
_gpsbo
801 1 _aRU
_bELAR
_2rusmarc
852 _aNLR
_j88-3/10246
942 _cBOOK
980 _aNB